Entry Nombre personal
001 - NÚMERO DE CONTROL
- campo de control: 29477
003 - IDENTIFICADOR DE NÚMERO DE CONTROL
- campo de control: SpMaBN
005 - FECHA Y HORA DE LA ÚLTIMA TRANSACCIÓN
- campo de control: 20250807231623.0
008 - ELEMENTOS DE DATO DE LONGITUD-FIJA
- campo de control de longitud fija: 950119n| aijnnaabn |a aaa
016 ## - NÚMERO DE CONTROL DE UNA AGENCIA BIBLIOGRÁFICA NACIONAL
- Número de control del registro: BNE19950044323
024 7# - IDENTIFICADOR DE OTROS ESTÁNDARES
- Número estándar o código: http://viaf.org/viaf/56779678/
- Fuente: viaf
024 7# - IDENTIFICADOR DE OTROS ESTÁNDARES
- Número estándar o código: https://orcid.org/0000-0002-6250-1818
- Fuente: orcid
024 7# - IDENTIFICADOR DE OTROS ESTÁNDARES
- Número estándar o código: https://isni.org/isni/0000000066369960
- Fuente: isni
040 ## - FUENTE DE CATALOGACIÓN
- Centro catalogador/agencia de origen: SpMaBN
- Lengua de catalogación: spa
- Centro/agencia transcriptor: SpMaBN
- Normas de descripción: rdc
- Convención/Normas de encabezamiento de materia/tesauro: embne
046 ## - FECHAS CON CODIFICACIÓN ESPECIAL
- Fecha de nacimiento: 1950
100 1# - ENCABEZAMIENTO-NOMBRE DE PERSONA
- Nombre de persona: Blesa, Túa,
- Fechas asociadas al nombre: 1950-
373 ## - GRUPO ASOCIADO
- Grupo asociado: Universidad de Zaragoza
- Fuente del término: abne
375 ## - GÉNERO/SEXO
- Género: Masculino
377 ## - IDIOMA ASOCIADO
- Código del idioma: spa
- Término de lengua/lenguaje: Español
400 1# - TRAZADO DE VÉASE--NOMBRE DE PERSONA
- Nombre de persona: Blesa Lalinde, José Ángel,
- Fechas asociadas al nombre: 1950-
670 ## - FUENTE DE DATOS ENCONTRADOS
- Cita de la fuente: Bajo los puentes del Drina, 1993
- Información encontrada: port. (edición de Túa Blesa ...)
670 ## - FUENTE DE DATOS ENCONTRADOS
- Cita de la fuente: Tránsitos, 2004
- Información encontrada: port. (Túa Blesa) cub. (Zaragoza, 1950; profesor de literatura comparada de la Univ. de Zaragoza y editor)
670 ## - FUENTE DE DATOS ENCONTRADOS
- Cita de la fuente: WWW Agencia Española del ISBN, 13-07-2012
- Información encontrada: (Blesa Lalinde, José Ángel)
856 4# - LOCALIZACIÓN Y ACCESO ELECTRÓNICOS
- Identificador Uniforme de Recursos: https://dialnet.unirioja.es/servlet/autor?codigo=187524
